La teoría social, ahora : (Record no. 208907)
[ view plain ]
| 000 -CABECERA | |
|---|---|
| campo de control de longitud fija | 00722nam a22002297a 4500 |
| 003 - IDENTIFICADOR DEL NÚMERO DE CONTROL | |
| campo de control | UPN |
| 005 - FECHA Y HORA DE LA ÚLTIMA TRANSACCIÓN | |
| campo de control | 20240911064504.0 |
| 008 - ELEMENTOS DE LONGITUD FIJA--INFORMACIÓN GENERAL | |
| campo de control de longitud fija | 220929b |||||||| |||| 00| 0 spa d |
| 020 ## - NÚMERO INTERNACIONAL NORMALIZADO PARA LIBROS | |
| Número Internacional Estándar del Libro | 9789876299312 |
| 040 ## - FUENTE DE LA CATALOGACIÓN | |
| Centro catalogador/agencia de origen | MX-MxUPN |
| Lengua de catalogación | spa |
| Centro/agencia transcriptor | MX-MxUPN |
| 050 #4 - SIGNATURA TOPOGRÁFICA DE LA BIBLIOTECA DEL CONGRESO | |
| Número de clasificación | H61 |
| Número de documento/Ítem | T466 2019 |
| 245 03 - MENCIÓN DE TÍTULO | |
| Título | La teoría social, ahora : |
| Resto del título | nuevas corrientes, nuevas discusiones |
| 260 ## - PUBLICACIÓN, DISTRIBUCIÓN, ETC. | |
| Lugar de publicación, distribución, etc. | México, D.F. : |
| Nombre del editor, distribuidor, etc. | Siglo XXI : |
| -- | Anthropos, |
| Fecha de publicación, distribución, etc. | 2019 |
| 300 ## - DESCRIPCIÓN FÍSICA | |
| Extensión | 450 páginas |
| 650 #4 - ASIENTO SECUNDARIO DE MATERIA - TERMINO TEMATICO | |
| Término de materia o nombre geográfico como elemento de entrada | Ciencias sociales |
| 9 (RLIN) | 9133 |
| 700 1# - ASIENTO SECUNDARIO--NOMBRE DE PERSONAL | |
| 9 (RLIN) | 46893 |
| Nombre de persona | Benzecry, Claudio E. |
| Término indicativo de función/relación | editor |
| 700 1# - ASIENTO SECUNDARIO--NOMBRE DE PERSONAL | |
| 9 (RLIN) | 46896 |
| Nombre de persona | Krause, Monika, |
| Fechas asociadas al nombre | 1978- |
| Término indicativo de función/relación | editora |
| 700 1# - ASIENTO SECUNDARIO--NOMBRE DE PERSONAL | |
| 9 (RLIN) | 46897 |
| Nombre de persona | Reed, Isaac Ariail |
| Término indicativo de función/relación | editor |
| 902 ## - ELEMENTOS DE DATOS B LOCAL, LDB (RLIN) | |
| Creó | VíctorGodínez/290922 |
| 942 ## - ELEMENTOS DE PUNTO DE ACCESO ADICIONAL (KOHA) | |
| Fuente del sistema de clasificación o colocación | Library of Congress Classification |
| Tipo de ítem Koha | Libro |
| Estado de retiro | Estado de pérdida | Fuente del sistema de clasificación o colocación | Estado dañado | No para préstamo | Código de colección | Localización permanente | Ubicación/localización actual | Ubicación en estantería | Fecha de adquisición | Total de préstamos | Clasificación | Código de barras | Fecha visto por última vez | Fecha del último préstamo | Precio válido a partir de | Tipo de ítem Koha | Número de copia |
|---|---|---|---|---|---|---|---|---|---|---|---|---|---|---|---|---|---|
| Library of Congress Classification | Colección General | Bib. Gregorio Torres Quintero | Bib. Gregorio Torres Quintero | Planta baja | 29/09/2022 | 1 | H61 T466 2019 | 335950 | 10/11/2023 | 06/11/2023 | 29/09/2022 | Libro | |||||
| Library of Congress Classification | Colección General | Bib. Gregorio Torres Quintero | Bib. Gregorio Torres Quintero | Planta baja | 29/09/2022 | 1 | H61 T466 2019 | 335951 | 16/11/2023 | 06/11/2023 | 29/09/2022 | Libro | Ej.2 | ||||
| Library of Congress Classification | Colección General | Bib. Gregorio Torres Quintero | Bib. Gregorio Torres Quintero | Planta baja | 29/09/2022 | H61 T466 2019 | 335952 | 29/09/2022 | 29/09/2022 | Libro | Ej.3 |
